| 000 | 00845nam a2200253 a 4500 | ||
|---|---|---|---|
| 005 | 20240517063652.0 | ||
| 008 | 140522s2005 es r 000 0 spa d | ||
| 020 | _a8488342837 | ||
| 035 | _aUPN01000197490 | ||
| 049 | _aI | ||
| 050 | 4 |
_aPZ76.3 _bB3.66 |
|
| 100 | 1 |
_aBàdescu, Ramona _938042 |
|
| 245 | 1 | 0 |
_aPomelo es feliz / _cRamona Bàdescu, Benjamin Chaud ; tr. Esther Rubio. |
| 260 |
_aEspaña : _bKókinos, _c2005. |
||
| 300 |
_a[90] p. : _bprincipalmente il. col. |
||
| 501 | _aEncuadernado con: Pomelo tiene miedo y los días divertidos | ||
| 534 |
_pTítulo original: _tPomelo est bien sous son pissenlit |
||
| 650 | 4 |
_aELEFANTES - _vLITERATURA INFANTIL _924630 |
|
| 650 | 2 |
_aFelicidad _919377 |
|
| 650 | 4 |
_aMiedo _vLiteratura infantil _912306 |
|
| 700 | 1 |
_aChaud, Benjamin, _ecoaut. |
|
| 905 | _aInfantil | ||
| 999 |
_c169591 _d169591 |
||